Thiết kế và thực nghiệm câu hỏi trong dạy học bài khái quát văn học ở chương trình Trung học Phổ thông : Luận văn thạc sĩ. Chuyên ngành lí luận và phương pháp dạy học bộ môn văn và tiếng Việt

Luận văn nghiên cứu về thiết kế và thực nghiệm câu hỏi trong dạy học bài khái quát văn học ở chương trình Trung học Phổ thông.

Sparad:
Bibliografiska uppgifter
Huvudupphovsman: Trần, Thị Hoài Phương
Materialtyp: Bok
Språk:Undetermined
Publicerad: Cần Thơ Đại học Cần Thơ 2013
Ämnen:
Taggar: Lägg till en tagg
Inga taggar, Lägg till första taggen!
Thư viện lưu trữ: Trung tâm Học liệu Trường Đại học Cần Thơ
LEADER 01215nam a2200229Ia 4500
001 CTU_186166
008 210402s9999 xx 000 0 und d
082 |a 495.9220712 
082 |b Ph561 
088 |a 60140111 
100 |a Trần, Thị Hoài Phương 
245 0 |a Thiết kế và thực nghiệm câu hỏi trong dạy học bài khái quát văn học ở chương trình Trung học Phổ thông : 
245 0 |b Luận văn thạc sĩ. Chuyên ngành lí luận và phương pháp dạy học bộ môn văn và tiếng Việt 
245 0 |c Trần Thị Hoài Phương ; Nguyễn Lâm Điền (người hướng dẫn) 
260 |a Cần Thơ 
260 |b Đại học Cần Thơ 
260 |c 2013 
520 |a Luận văn nghiên cứu về thiết kế và thực nghiệm câu hỏi trong dạy học bài khái quát văn học ở chương trình Trung học Phổ thông. 
650 |a Ngôn ngữ Việt,Vietnamese language 
650 |x Học và dạy,Study and teaching 
904 |i Nguyễn Thị Thảo Trinh 
980 |a Trung tâm Học liệu Trường Đại học Cần Thơ